Line commutated thyristor converters

Guardat en:
Dades bibliogràfiques
Autor principal: Möltgen, Gottfried
Format: Llibre
Idioma:Undetermined
Publicat: Berlin Siemens Aktiengesellschaft 1972
Matèries:
Etiquetes: Afegir etiqueta
Sense etiquetes, Sigues el primer a etiquetar aquest registre!

MARC

LEADER 00000nam a2200000Ia 4500
003 001907
005 20221231143957.0
008 140114s9999 xx 000 0 und d
040 |c cru CEDI 
082 |a 621.381.528 M727l 
100 |a Möltgen, Gottfried.  |9 20944 
245 |a Line commutated thyristor converters 
260 |a Berlin Siemens Aktiengesellschaft   |c 1972 
300 |a 357 páginas ; ilustraciones algunas a color, 22 cm. 
650 |x TIRISTORES   |x CONVERTIDORES DE CORRIENTE ELECTRICA  |9 20945 
942 |2 ddc  |c BK 
999 |c 15083  |d 15083